000
00300nam a2200133Ia 4500
008
100328s9999 xx 000 0 und d
082
_b
54998
100
_a
Thomas Vernon
245
_a
Arabian Nights
260
_b
Hemkant
630
_a
Arabian Nights
730
_a
Arabian Nights
942
_c
BOOK
999
_c
541699
_d
541696